02297nam a2200325 i 4500003000900000005001700009007000300026008004100029020001800070040003000088082001800118100004000136245010400176264006500280300002800345336002700373337003300400338002800433490002300461500007400484520083300558590002701391700004601418910001401464942001401478952015001492952015601642952015601798999001701954DO-SdBNP20250711110625.0ta250710b2025 dr ||||| |||| 00| 0 spa d a9789945224184 aDO-SdBNPbspacBNPHUerda axxxbR2392221 aRauber, Isabeleautora4aut.95375510aForo ciudadano :bprotagonistas, trayecto y proyecto /cIsabel Rauber ; prólogo, Guadalupe Valdez aSanto Domingo :bForo ciudadano RD,bEditora Búho, c2025. a303 páginas ;c23 cm. atextobtxt2rdacontent asin mediaciónbn2rdamedia avolumenbnc2rdacarrier1 aUn foro para tod@s aIncluye datos biografícos de la autora en la solapa de la cubierta. atrata sobre la experiencia de Foro Ciudadano en sus 25 años de trayectoria. Partiendo de un recorrido de antecedentes históricos de su surgimiento, basado en análisis bibliográfico, se pasa luego a un recorrido de su trayectoria, contando con el aporte testimonial de diversos protagonistas de Foro Ciudadano, que aportan sus visiones acerca de los diferentes momentos y ámbitos de desarrollo de Foro Cidadano. Finalmente las reflexiones se centran en los desafíos para este nuevo período, que caracterizan como una continuación de lo realizado, pero con las innovaciones necesarias que requiere la sociedad dominicano en este tiempo. Y proponen enfatizar el enriquecimiento de la organización con la incorporación de jóvenes, para lograr -lo que intuyen- será una fructífera renovación generacional. aInventariado, 2025/ YL1 aValdez, Guadalupe eprólogo4pr.914014 aYLockward 2ddccLBS1 00102ddc51708PDaBNPHUbBNPHUcCTd2025-05-23eDepósito Legal editora Búhol0oBNPHU PD xxx R239p2025-6383r2025-07-10w2025-07-10yLBS1 00102ddc51708PDaBNPHUbBNPHUcCTd2025-05-23eDepósito Legal editora Búhol0oBNPHU PD xxx R239p2025-6384r2025-07-10te. 2w2025-07-10yLBS1 00102ddc56708DSaBNPHUbBNPHUcCTd2025-05-23eDepósito Legal editora Búhol0oBNPHU DS xxx R239p2025-6385r2025-07-10te. 3w2025-07-10yLBS1 c59487d59487